| 000 | 01076nam a22002417a 4500 | ||
|---|---|---|---|
| 999 |
_c76385 _d76385 |
||
| 005 | 20230529165720.0 | ||
| 008 | s2559 th tha d | ||
| 020 | _a9786169231042 | ||
| 040 | _aNALT | ||
| 041 | _atha | ||
| 050 |
_aHQ 769 _bห268ล 2559 |
||
| 100 | 0 |
_aหรรษา มหามงคล _923890 |
|
| 245 | 1 | 0 |
_aเลี้ยงลูกรอบโลก / _cหรรษา มหามงคล และ พลอย มัลลิกะมาส. |
| 260 |
_aกรุงเทพฯ : _bพลีเฮลท์โซลูชั่น, _c2559. |
||
| 300 |
_a216 หน้า : _bภาพประกอบ ; _c21 ซม. |
||
| 650 | 4 |
_aเด็ก _96103 _xการดูแล |
|
| 650 | 0 |
_aเด็ก _xการเลี้ยงดู _96662 |
|
| 650 | 0 |
_aการท่องเที่ยว _99911 |
|
| 700 | 0 |
_aพลอย มัลลิกะมาส _923891 |
|
| 850 | _aNALT | ||
| 942 |
_cGB _01 _2lcc |
||
| 998 |
_j1020 _k นางจำเรียง ระวังสำโรง |
||